| 000 | 00374nam a22001337a 4500 | ||
|---|---|---|---|
| 005 | 20250603175852.0 | ||
| 008 | 250603b |||||||| |||| 00| 0 eng d | ||
| 020 | _a0802495613 | ||
| 050 |
_aBV 2090 _bKAN |
||
| 245 |
_aWINDS OF CHANGE IN THE CHRISTIAN MISSION _cKANE, HERBERT J. |
||
| 260 |
_aCHICAGO _bTHE MOODY BIBLE INSTITUTE _cc1976 |
||
| 300 | _a160p.; | ||
| 942 |
_2lcc _cBK _n0 |
||
| 999 |
_c6239 _d6239 |
||